Les voitures Tesla - Statistiques

Statistiques générales
  • Ce quiz a été pris 52 fois
  • Le résultat moyen est 4 sur 6
Statistiques - réponses
modèle % Correct
2 Tesla model X
89%
1 Tesla cybertruck
82%
3 Tesla model S
80%
4 Tesla model 3
78%
5 Tesla model Y
71%
6 Tesla roadster
44%
Aucun quiz correspondant
Distribution des résultats
% des personnes avec chaque résultat
Percentile par nombre de réponses
Votre historique - résultats
Vous n’avez pas pris ce quiz